000 00704nam a2200217Ia 4500
008 240729s9999 xx 000 0 und d
022 _a2352-8729
245 0 _aAlzheimer’s & Dementia: Diagnosis, Assessment & Disease Monitoring
260 _aUnited States
260 _bWiley
650 _a Geriatrics
650 _a Internal medicine
650 _a Internal medicine
650 _a Neurology. Diseases of the nervous system | Medicine
650 _a Neurosciences. Biological psychiatry. Neuropsychiatry
650 _a Special situations and conditions
650 _aMedicine
856 _uhttps://doaj.org/toc/78fa53cdbbe644a0b0a378a973034b9f
942 _2ddc
942 _cDOAJEJ
999 _c72688
_d72688
945 _a1
_bMadushi Gamage
_c1
_dMadushi Gamage